000 00633nam a2200217Ia 4500
005 20241129104400.0
008 241129s9999||||xx |||||||||||||| ||und||
020 _a9781032644660
037 _aTextual
040 _aRTL
_beng
_cRTL
041 _aeng
_2eng
084 _aY R4
_qRTL
100 _aBussey Marcus
_9726136
245 0 _aTransitional selves: Possibilities for identity in a plurified world
_cBussey Marcus
260 _aNew York
_bRoutledge Publishing
_c2024
300 _axvi,311p.
365 _aINR
_b1595
650 _aPostmodern Identity
_9726137
942 _cTB
_hY R4
999 _c1225654
_d1225654